| 000 | 00859nam a22002657a 4500 | ||
|---|---|---|---|
| 001 | BR9300232 | ||
| 003 | BR-BrBNA | ||
| 005 | 20230928093804.0 | ||
| 007 | ta | ||
| 008 | 230509b bl.||||| |||| 00| 0 por d | ||
| 040 |
_aBR-BrBNA _bpor _cBiblioteca Nacional de Agricultura |
||
| 041 | _a(Por) | ||
| 072 | _aE70; E50 | ||
| 090 | _ E70 BR9300232 | ||
| 110 | 1 |
_aInstituto Nacional de Colonizacao e Reforma Agraria, Porto Alegre, RS (Brasil). Coordenadoria Regional do Rio Grande do Sul _96442 |
|
| 245 | 1 | _aLevantamento de recursos naturais, socio-economicos e institucionais do Estado do Rio Grande do Sul, vol. 7 | |
| 260 | 3 |
_aPorto Alegre, RS (Brasil): _c1972. |
|
| 300 | _a[nd] | ||
| 650 | _aComercializacao | ||
| 650 | _aNivel de Vida | ||
| 650 | _aPreco | ||
| 650 | _aRio Grande do Sul | ||
| 909 |
_a202309 _bLucia _c55 _dLucia Elande |
||
| 942 | _cBK | ||
| 999 |
_c47112 _d47112 |
||